Hong Kong offices marketview Q1 2012 (Record no. 84079)

MARC details
000 -LEADER
fixed length control field 01288cad a22002175a 4500
001 - CONTROL NUMBER
control field L156561
008 - FIXED-LENGTH DATA ELEMENTS--GENERAL INFORMATION
fixed length control field 120608s2012 xxk 000 0 eng d
035 ## - SYSTEM CONTROL NUMBER
System control number (Sirsi) u156561
041 0# - LANGUAGE CODE
Language code of text/sound track or separate title eng
110 2# - MAIN ENTRY--CORPORATE NAME
Corporate name or jurisdiction name as entry element CBRE
245 00 - TITLE STATEMENT
Title Hong Kong offices marketview Q1 2012
Medium [electronic resource]
260 ## - PUBLICATION, DISTRIBUTION, ETC.
Place of publication, distribution, etc. Hong Kong
Name of publisher, distributor, etc. CBRE
Date of publication, distribution, etc. 2012
490 #0 - SERIES STATEMENT
Series statement CBRE Hong Kong Offices Marketview
Volume/sequential designation Q1 2012 1 June 2012
520 ## - SUMMARY, ETC.
Summary, etc. The Hong Kong office market has been hit by weaker economic growth and job losses in the financial sector. Vacancy levels continued downwards in Q1 but downsizing and non-renewal of leases at expiry will force vacancy rates upwards once more. Kowloon has been the most stable area for rents. Landlords in central areas are more willing to offer discounts to secure tenants. The remainder of 2012 should offer occupiers further opportunities as cheaper rents become available.
520 ## - SUMMARY, ETC.
Summary, etc. Quick stats -- overview -- Hong Kong Island -- Kowloon -- selected leasing transactions in Q1 2012 -- selected office supply -- CBRE rental growth -- terminology.
590 ## - LOCAL NOTE (RLIN)
Local note NTK KA
651 #4 - SUBJECT ADDED ENTRY--GEOGRAPHIC NAME
Geographic name Hong Kong
690 ## - LOCAL SUBJECT ADDED ENTRY--TOPICAL TERM (OCLC, RLIN)
Topical term or geographic name as entry element Commercial property
9 (RLIN) 6227
856 40 - ELECTRONIC LOCATION AND ACCESS
Uniform Resource Identifier <a href="https://www.cbre.eu/portal/pls/portal/res_rep.show_report?report_id=1855">https://www.cbre.eu/portal/pls/portal/res_rep.show_report?report_id=1855</a>
Public note View the report at www.cbre.eu
942 ## - ADDED ENTRY ELEMENTS (KOHA)
Suppress in OPAC 0
Holdings
Withdrawn status Lost status Source of classification or shelving scheme Damaged status Not for loan Home library Current library Shelving location Date acquired Total Checkouts Full call number Barcode Date last seen Copy number Price effective from Koha item type
    Dewey Decimal Classification     Virtual Virtual Online 08/06/2012   ONLINE PUBLICATION 156561-2001 06/08/2019 1 06/08/2019 Book